000 00860nab a22002537a 4500
003 OSt
005 20250402062822.0
008 250327t2004 ||||||||||||| 00| 0 eng d
022 _a0115-0839
040 _cJMCFI - Learning Resource Center
082 _aPer. 613.'051 H434 2004
100 _aKuzma, Kay
_921655
245 _a"My kid will never do that." /
_cKay Kuzma.
260 _aManila :
_bPhilippine Publishing House,
_c2004.
650 _aLove.
_95866
650 _aChild behavior.
_922238
650 _aChild psychology.
_92814
650 _aParenting.
_92672
650 _aParenting
_xPositive reinforcement.
_923612
650 _aChildren
_xSelf-worth.
_923613
650 _aEmotions.
_910007
773 _g, volume 45, number 5 (July-August 2004) pages 8-9.
_tHealth & Home : The National Journal of Better Living
942 _cPER.
_n0
_2lcc
999 _c6865
_d6865